000 00632nam a2200217Ii 4500
003 JO-AjNU
008 230606s9999||||xx |||||||||||||| ||und||
020 _a978-1-292-20074-3/978-1-292-20076-7
040 _aJO-AjNU
_beng
_erda
_cJO-AjNU
041 _aeng
050 1 4 _aHF5681.B2.M379 2017
100 3 _aMelville, Alan ,
_eauthor
_95935
245 0 0 _aInternational Financial Reporting: Apractical Guide
250 _a6 ed
264 3 1 _aNewYork: Pearson, 2017
300 _a500p
336 _atext
_btxt
_2rdacontent
337 _aunmediated
_bn
_2rdamedia
338 _avolume
_bnc
_2rdacarrier
650 4 _a Financial
_95936
999 _aE3079
_c3076
_d3076